|
|
|
|
| LEADER |
00000naa a2200000 a 4500 |
| 001 |
vtls011854429 |
| 003 |
SK-MaSNL |
| 005 |
20260302133059.0 |
| 008 |
210910|2011 xo |||||||||||||||||slo| |
| 015 |
|
|
|a SNBCL
|
| 035 |
|
|
|a (urnnbn)urn:nbn:sk:snk:ar-a0ayyj
|
| 035 |
|
|
|a urn:nbn:sk:snk-aaw8nc
|
| 035 |
|
|
|a (uuid)c6b1a21b-93fe-418d-90ca-63b643f939c1
|
| 040 |
|
|
|a SNKBUCL
|b slo
|c SNKBUCL
|e AACR2
|
| 041 |
|
|
|a slo
|
| 044 |
|
|
|a xo
|c SK
|
| 100 |
1 |
|
|a Adamík, Marián
|4 aut
|9 483180
|
| 245 |
1 |
0 |
|a STRATÉGIA BUY AND HOLD
|c Marián Adamík
|
| 246 |
3 |
|
|a STRATEGY BUY AND HOLD
|
| 336 |
|
|
|a text
|b txt
|c rdacontent
|
| 337 |
|
|
|a bez média
|b n
|c rdamedia
|
| 338 |
|
|
|a zväzok
|b nc
|c rdacarrier
|
| 655 |
|
7 |
|a články zo zborníkov
|2 snkbucl
|9 166140
|
| 773 |
0 |
|
|t Financie a riziko
|d Bratislava : Ekonóm, 2011
|g S. 463-468
|z 9788022532785
|
| 958 |
|
|
|a OND
|
| 958 |
|
|
|a article26
|
| 958 |
|
|
|a chapter
|
| 999 |
|
|
|c 1315313
|d 1317243
|